000 00637nam a2200217Ia 4500
003 OSt
005 20220928145032.0
006 a|||||r|||| 00| 0
007 ta
008 220927b |||||||| |||| 00| 0 eng d
024 _a78376
037 _cTextual
040 _aSDCL
_cSDCL
_beng
041 _2eng
_aeng
082 _aX64:8.1'P, P5
100 _aCheverton Peter
_9511329
245 0 _aKey account management in financial services
_b Tools and techniques for building strong relationships with major clients.
260 _c2005
942 _hX64:8.1'P, P5
_cTEXL
_2CC
999 _c831591
_d831591